[Event "Copenhagen CU 75th"]
[Site "Copenhagen"]
[Date "2002.02.12"]
[Round "4"]
[White "De Firmian, Nick E"]
[Black "Ward, Christopher"]
[Result "1/2-1/2"]
[WhiteElo "2536"]
[BlackElo "2486"]
[Annotator "Psakhis,L"]
[PlyCount "41"]
[EventDate "2002.02.09"]
[Source "ChessBase"]
[SourceDate "2002.03.21"]

1. e4 e6 2. d4 d5 3. Nc3 Bb4 4. e5 c5 5. a3 Bxc3+ 6. bxc3 6... Qa5 {I don't bel
ieve my eyes, but this, almost forgotten in recent past move,suddenly became
one of most  popular black's answer.} 7. Bd2 Qa4 8. Rb1 (8. Qg4 {
is most dangerous move for black.}) 8... c4 9. Qc1 Nc6 10. Nf3 10... f6 $146 (
10... b6 11. Be2 Bd7 12. O-O O-O-O 13. Ng5 Rf8 14. Bh5 Be8 15. f4 Nge7 16. Bg4
Bd7 17. Qb2 h6 18. Nf3 18... Kb7 {Krajnc,L-Bohak,I/corr 1995/ -  (109)}) ({
Nick De Firmian already had negative expierence in this line. He lost to
Rustemov after} 10... Nge7 11. g3 b6 12. Bg2 Bd7 13. O-O h6 14. Re1 O-O-O 15.
Re2 Nf5 16. h4 Rdg8 17. Ra1 Kb7 18. Bf4 Ka8 19. Qd2 19... Nfe7 {De Firmian,
N-Rustemov,A/Copenhagen PC 2001/ but at this moment white's position is quite
nice.}) 11. g3 ({Good question : where to put bishop.} 11. Be2 11... fxe5 12.
Nxe5 Nf6 (12... Nxe5 13. dxe5 Ne7 14. Bh5+ $5 14... g6 15. Bg4 $14) 13. Bf4
13... O-O $13 {leads to unclear position.}) 11... fxe5 12. dxe5 ({
Black position is not bad after} 12. Nxe5 12... Nxe5 13. dxe5 Ne7 14. Bg2 O-O
15. O-O 15... b6) 12... Nge7 13. Bg2 O-O 14. O-O Ng6 ({Worth considering and} 
14... b6 $5 {hope to bring on g6 bishop, but Ward has another idea in mind.})
15. Re1 Rf5 16. g4 (16. Nd4 Rxe5 17. Be3 Nxd4 18. cxd4 Rf5) 16... Rxf3 $5 {
Typical for french exchange sacrifice.} (16... Rf8 17. h4) 17. Bxf3 Ncxe5 18.
Bg2 (18. Be2 Nh4) ({Some greedy players would play, maybe} 18. Bd1 $5 {
but Nick doesn't like so passive moves.}) 18... Nxg4 19. Qd1 Nf6 20. Bg5 Qc6 ({
I would prefer ( I am very greedy player!)} 20... Qxa3 {
with possible continuation} 21. f4 Qc5+ 22. Kh1 22... Ne4 {
but Ward doesn't like so active moves. ( Joke!)}) 21. Qd4 (21. Qd4 {
Maybe black still could play for win after} 21... e5 22. Qd2 Be6 23. Rbd1 23...
Ne4 $5 $15) 1/2-1/2

[Event "Linares 19th"]
[Site "Linares"]
[Date "2002.02.23"]
[Round "1"]
[White "Ponomariov, Ruslan"]
[Black "Ivanchuk, Vassily"]
[Result "1-0"]
[WhiteElo "2727"]
[BlackElo "2717"]
[Annotator "Psakhis,L"]
[PlyCount "89"]
[EventDate "2002.02.22"]
[Source "ChessBase"]
[SourceDate "2002.03.21"]

1. e4 {Ftacnik} 1... e6 2. d4 d5 3. Nc3 Bb4 4. e5 c5 5. a3 Bxc3+ 6. bxc3 Ne7 7.
Qg4 O-O 8. Bd3 f5 9. exf6 Rxf6 10. Bg5 Rf7 11. Qh5 g6 12. Qd1 Nbc6 13. Nf3 Qf8
14. O-O c4 15. Be2 h6 16. Bc1 16... Bd7 {Black did quite successfully in this
complicated line in modern practice Ftacnik: 'Black players have finally found
a way to cope with the challenges of this sharp opening line. Ponomariov is
challenged to look for an advantage for his bishop's pair.'} 17. Ne1 $146 {
A new plan, White wants to play f4 in the future. Usually White continued here}
(17. a4 {with possible continuation} 17... Qg7 18. Qd2 Kh7 19. Ba3 g5 20. Rab1
b6 21. Bd6 21... Ng6 $5 $13 { e5} (21... Nf5 22. Be5 Qg6 23. h3 $1 23... Rg8
24. g4 $16 {Macieja-Schmidt (Polen 1998)})) 17... g5 18. g3 Nf5 (18... Qg7 19.
f4 (19. Ng2 $2 19... e5 $1 20. dxe5 20... Qxe5 $36 { c3})) (18... e5 {Ftacnik}
19. dxe5 Nxe5 20. f4 gxf4 21. Bxf4 Bh3 22. Ng2 22... N5g6 $13) 19. Ng2 (19. f4
$5 {Ftacnik} 19... Nd6 (19... gxf4 {Ftacnik} 20. Bxf4 $14) 20. Bh5 (20. fxg5 {
Ftacnik} 20... Rxf1+ 21. Bxf1 Ne4 22. Be3 hxg5 23. Bg2 $14) 20... Rf5 21. Nf3
Ne4 22. Bg4 $14) 19... Qg7 20. f4 20... Nd6 21. Qe1 (21. a4 $2 21... Ne4 22.
Qe1 22... Nxc3 $1 23. Qxc3 Nxd4 24. Kf2 $8 24... gxf4 25. Nxf4 (25. gxf4 Nxe2
26. Qxg7+ Rxg7) 25... e5 $17) (21. Bh5 {Ftacnik} 21... Rff8 22. Bf3 Nb5 23. Bd2
gxf4 24. a4 24... Nbxd4 $1 25. cxd4 Qxd4+ 26. Kh1 26... fxg3 $13) 21... b5 {
Starting counterplay on the Qside} ({Worth considering} 21... g4 $1 {and after}
22. a4 (22. Ne3 {Ftacnik} 22... h5 23. h3 gxh3 24. Bxh5 24... Re7 $13) 22...
Ne7 $5 (22... Ne4 23. Ba3 b6 24. Ne3 h5) 23. Ba3 Nef5 24. Bxd6 Nxd6 25. Ne3
25... h5 $13) (21... Ne4 $2 22. Bxc4 $1 22... dxc4 23. Qxe4) 22. fxg5 Rxf1+ 23.
Bxf1 hxg5 24. Ne3 (24. h4 {Ftacnik} 24... e5 $1 25. Bxg5 exd4 26. Nf4 26... Re8
$15) 24... Rf8 25. Bg2 a5 (25... Be8 {Ftacnik} 26. Ng4 Nxd4 27. cxd4 Qxd4+ 28.
Be3 Qxg4 29. Bc5 $1 29... Nf7 30. Bxf8 Kxf8 31. Qb4+ $16) 26. Bd2 26... Qg6 $6
{'?' Ftacnik.} ({At this moment Ivanchuk lost great chance.He could play} 26...
b4 $1 $132 {attacking white's pawn chain and starting big and unclear
complications, for example.} 27. cxb4 $142 {'!' Ftacnik.} (27. axb4 axb4 28.
Ra6 bxc3 29. Bxc3 Nb5 30. Nxd5 Nxc3 31. Nxc3 (31. Qxc3 Nxd4 32. Ne7+ 32... Kf7
$1 $19) 31... Qxd4+ 32. Kh1 Nb4 33. Ra5 33... Nxc2 $132) 27... axb4 (27... Nxd4
28. bxa5 $14 28... Nf3+ 29. Bxf3 Rxf3 30. Rb1 $16) 28. Bxb4 Nxb4 29. axb4 29...
Qxd4 $13 {After text Ponomariov easily got an advantage and with hard hand won
game - opportunity seldom  knocks twice!} 30. c3 $14) 27. Ng4 {'!' Ftacnik. 
Ftacnik: 'Fine manouvering of white pieces has presented Ivanchuk with
distinct positional problems due to the weakness of the e5 square.'} 27... Rf5
(27... Ne4 28. Bxe4 (28. Qe3 $5 $36) (28. Rb1 $14 {Ftacnik}) 28... dxe4 29. Qe3
e5 30. Nxe5 Nxe5 31. dxe5 Rf5 32. Qa7 Qe6 33. Be3 Rxe5 34. Rd1 $16) (27... Qxc2
28. Qe3 Qg6 29. Qxg5 $16) 28. Qe3 $16 28... Kg7 (28... a4 {Ftacnik} 29. Rf1
Rxf1+ 30. Bxf1 $14) 29. Rb1 Kh7 30. a4 {'!?' Ftacnik.} (30. h3 $5 $16) 30...
bxa4 (30... b4 $2 {Ftacnik} 31. cxb4 axb4 32. Bxb4 Nxb4 33. Rxb4 $18) 31. Bc1 {
'!' Ftacnik.} 31... Rf7 32. Ba3 32... Qxc2 $2 (32... Nf5 33. Qe2 Qg7 (33...
Ncxd4 34. cxd4 Nxd4 35. Qe5) 34. Bc5 $16) (32... Ne4 $13 $142 {Ftacnik}) 33.
Rc1 Qf5 34. Bh3 {'!' Ftacnik.  Ftacnik: 'This part of game is dominated by the
tactics, black has to part with some material. '} (34. h3 $16) 34... Ne4 (34...
Nb5 35. Ne5 $1 35... Qxh3 (35... Qf2+ 36. Qxf2 Rxf2 37. Nxd7 Rf3 38. Bb2 a3 39.
Ba1 $16) 36. Nxf7 Kg6 37. Rf1 37... Qxf1+ $8 38. Kxf1 Kxf7 39. Bc1 $18) 35. Ne5
Qf2+ (35... Qxh3 {Ftacnik} 36. Nxf7 Qg4 37. Nd6 Nxc3 38. Qxc3 Qxd4+ 39. Qxd4
Nxd4 40. Kf2 $14) 36. Qxf2 Rxf2 (36... Nxf2 $5 37. Nxf7 Nxh3+ 38. Kg2 g4 39.
Nd6 $16 (39. Rb1 {Ftacnik} 39... Kg6 40. Rb7 $16)) 37. Nxd7 Ra2 38. Bc5 Nd2 39.
Bg2 (39. Bg4 $1 39... a3 (39... Kg7 $5) 40. Nf8+ Kh6 41. Nxe6 Nb3 42. Rf1 $18)
{Ivanchuk play his last trump - aP} 39... a3 40. Nf8+ (40. Re1 Nb3) 40... Kh6
$2 {Ftacnik: 'The last inaccuracy will prevent black's counterplay from
exploiting it's whole potential.'} (40... Kh8 $1 41. Re1 (41. Nxe6 $5 41... Nb3
42. Rf1 Rxg2+ 43. Kxg2 a2 44. Nc7 a1=Q 45. Rxa1 Nxa1 46. Nxd5) 41... Nb3 42.
Bxa3 Rxa3 43. Nxe6 Nd2 44. Rc1 $16) (40... Kg8 {Ftacnik} 41. Nxe6 Nb3 42. Rf1
Rxg2+ 43. Kxg2 a2 44. Nc7 a1=Q 45. Rxa1 Nxa1 46. Nxd5 Nb3 47. Nb6 $16) 41. Re1
$18 {'!' Ftacnik.  It seems that Black's position can no longer be saved -
there are too many White' pieces pointed at the black king, who is all alone}
41... e5 (41... Ne4 42. Bxe4 dxe4 43. Nxe6 $18) (41... Nd8 {Ftacnik} 42. Nxe6
Nxe6 43. Rxe6+ Kg7 44. Re7+ (44. Bxd5 {Ftacnik} 44... Ra1+ 45. Kg2 45... a2 $11
) 44... Kg6 45. Re1 Rc2 46. Bxa3 Rxc3 47. Bc5 $18) 42. dxe5 42... g4 43. e6
Nf3+ 44. Bxf3 gxf3 45. Kf1 $1 {Avoiding last trap} ({
It is still open question if White can win after} 45. e7 $2 {for example} 45...
Nxe7 46. Rxe7 (46. Re6+ Kh5 47. h3 Rg2+ 48. Kf1 Nf5 49. g4+ Kh4 50. gxf5 a2 51.
Re1 Rb2 52. Ng6+ Kxh3 53. Nf4+ Kg3 54. f6 Rb1 55. Bf2+ Kxf4 56. f7 Rxe1+ 57.
Bxe1 a1=Q 58. f8=Q+ Ke4 59. Qe7+ $16) 46... Rg2+ 47. Kf1 a2 48. Re1 $1 (48.
Be3+ Kh5 49. Re5+ Kg4 50. Rg5+ Kh3 51. Rh5+ Kg4 52. Rg5+ $11) 48... Re2 $1 (
48... Rb2 49. Be3+ Kh5 50. h3 $1 50... Re2 (50... Rb1 51. Bc1) 51. Ra1 Rxe3 (
51... Rb2 52. Bc1 Rb1 53. Rxa2 Rxc1+ 54. Kf2 Rxc3 55. Ne6 $18) 52. Rxa2 Rxc3
53. Rxa5 $18) 49. Ra1 (49. Rc1 Rb2) 49... Rb2 50. Be3+ Kg7 51. Bc1 Rb1 52. Rxa2
Rxc1+ 53. Kf2 Kxf8 54. Ra3 Rc2+ 55. Kxf3 Rxh2 56. Rxa5 56... Rd2 $11) 1-0

[Event "Budapest FS04 GM-A"]
[Site "Budapest"]
[Date "2002.04.05"]
[Round "4"]
[White "Nakamura, Hikaru"]
[Black "Hoang, Thanh Trang"]
[Result "1-0"]
[WhiteElo "2466"]
[BlackElo "2426"]
[Annotator "Psakhis,L"]
[PlyCount "83"]
[EventDate "2002.04.02"]
[Source "ChessBase"]
[SourceDate "2002.08.12"]

1. e4 e6 2. d4 d5 3. Nc3 Bb4 4. e5 c5 5. a3 Bxc3+ 6. bxc3 Ne7 7. Qg4 O-O 8. Bd3
Nbc6 9. Qh5 Ng6 10. Nf3 Qc7 11. Be3 11... Nce7 $5 12. O-O {
It looks for me that Black can't have to big troubles after this move.} (12. h4
$5 {leads to more complicated game, for example.} 12... Bd7 13. a4 f5 14. exf6
Rxf6 15. O-O c4 16. Bxg6 Nxg6 17. Qg5 e5 18. dxe5 Rxf3 19. gxf3 Rf8 20. Qg3
Qxe5 21. Qxe5 Nxe5 22. Rfd1 Nxf3+ 23. Kf1 Rf5 24. Bxa7 Rh5 25. Ke2 Bg4 26. Rdb1
26... Nxh4+ {Anand,V-Lputian,S/FIDE-Wch New Delhi/Theran 2000 1-0 (45)}) 12...
c4 13. Be2 13... Bd7 {Black is ready to play now f6 and Be8} 14. a4 14... f6
15. Rfe1 fxe5 ({Worth considering} 15... Be8 16. exf6 (16. Qh3 Nf5) 16... gxf6
$13) 16. Nxe5 Nxe5 17. Qxe5 Qxe5 18. dxe5 {With two bishops White has some
chances for advantage, but , I think, Black must defend without too many
troubles.} 18... Rfc8 $6 (18... Nc6 $5 19. f4 19... g5 $13) 19. a5 Nf5 20. Bd2
20... Be8 21. Reb1 Rc7 22. f4 Bg6 23. Kf2 23... Ne7 (23... h5 24. Ra2) 24. Ra2
Be4 25. g4 Nc6 (25... g5 $5 26. f5 26... h6 $13) 26. h4 $1 26... Rf8 27. Kg3 h5
28. Be3 hxg4 29. Bxg4 29... Kf7 $2 {Black puts finger into fire, after} (29...
Bf5 30. Bf3 30... g6 $11 31. Rab2 $140 31... Rff7 {
he could keep more or less equal chances.}) 30. Rab2 $1 30... Rb8 (30... Nxa5
31. Bxa7 $16) 31. Bc5 Rbc8 (31... Rd7 32. Bd6 Rbd8 33. Rxb7 Bxc2 34. R1b2 Be4
35. Rxd7+ Rxd7 36. a6 $1) 32. Rxb7 Nxa5 33. Rxa7 33... Bxc2 {Mistake!} (33...
Rxa7 $8 34. Bxa7 34... Rc7 $1 $14 {was the last and not bad chance for Black!})
34. Rb8 $1 34... Rxb8 (34... Rxa7 35. Rxc8 {doesn't help}) 35. Rxc7+ Kg6 36.
Bxe6 {Now the game is over. White keeps both material and positional advantage.
} 36... Nb3 37. Bxd5 Rb5 38. Bf7+ Kf5 39. Be3 Na5 40. e6 Ba4 41. e7 Rb3 42. Bd4
1-0

[Event "Julian Borowski-A 4th"]
[Site "Essen"]
[Date "2002.05.16"]
[Round "1"]
[White "Lutz, Christopher"]
[Black "Jussupow, Artur"]
[Result "1-0"]
[WhiteElo "2644"]
[BlackElo "2618"]
[Annotator "Psakhis,L"]
[PlyCount "81"]
[EventDate "2002.05.16"]
[Source "ChessBase"]
[SourceDate "2002.09.20"]

1. e4 e6 2. d4 d5 3. Nc3 Bb4 4. e5 Ne7 5. a3 Bxc3+ 6. bxc3 c5 7. Qg4 O-O 8. Bd3
Nbc6 9. Qh5 Ng6 10. Nf3 Qc7 11. Be3 c4 12. Bxg6 fxg6 13. Qg4 Qf7 (13... Bd7 $5)
14. Ng5 Qe8 (14... Qf5 $6 15. Qe2) 15. h4 h6 (15... Ne7 16. Qe2 16... Nf5 $6
17. g4 Nxe3 18. Qxe3 h6 19. Nh3 Qe7 20. Qg3 Bd7 21. f4 $14 {
1-0 Nijboer,F-Harikrishna,P/Wijk aan Zee B  2001 (33)}) 16. Nh3 16... Ne7 {
Fashionable line. Black's position looks dangerous (it is!), but he also has
chances for counterplay.} (16... b5 17. h5 gxh5 18. Qe2 a5 19. Nf4 g6 20. g4
Ne7 21. Ng2 Kh7 22. Qd2 Ng8 23. Nf4 hxg4 24. Ke2 24... g5 $132 {
1-0 Svidler,P-Bareev,E/Elista 1997/CBM 59/[Svidler] (33)}) 17. Qe2 $146 {
New move in a well known position.} (17. h5 $5 17... gxh5 18. Qe2 Qg6 19. Nf4
Qg4 20. Nxh5 Qxe2+ 21. Kxe2 $14 {
1-0 Dutreeuw,M-Hochgraefe,M/BL2 0102 2002/ (29)}) ({After the most popular move
} 17. Nf4 {Black did quite well in modern practice, for example:} 17... Qf7 18.
Qe2 (18. Rh3 Bd7 19. Kd2 b5 20. Rah1 a5 21. Rg3 Kh7 22. h5 g5 23. Ng6 Nxg6 24.
hxg6+ Qxg6 25. Qxg5 Qxg5 26. Rxg5 26... Be8 $15 {
0-1 Resika,N-Galyas,M/Budapest-10 IM-A 2001/ (40)}) 18... Bd7 19. g4 Ba4 20.
Rh3 a5 21. h5 g5 22. Ng2 b5 23. f4 gxf4 24. Nxf4 24... b4 $1 $132 {
0-1 Szabo,G-Apicella,M/Bucharest Ciocaltea mem 2000/CBM 77 (33)}) 17... Bd7 18.
g4 b5 19. h5 a5 (19... gxh5 20. g5 $5 $36) 20. g5 20... Rf5 ({After} 20... hxg5
21. Nxg5 $40 {white's attack is irresistible}) 21. gxh6 (21. hxg6 $1 $142 21...
hxg5 (21... h5 22. Nf4 Nxg6 23. Nxh5) 22. Nxg5 Qxg6 23. Qg4 Kf8 (23... Rxg5 24.
Bxg5 Nf5 25. f3) 24. Rh8+ Ng8 25. Qh4 $16) 21... Rxh5 22. Kd2 $6 (22. hxg7 Qf7
23. Bg5 Qf5 24. Qe3 24... Nc6 $14) 22... gxh6 23. Rag1 Kh7 24. Ng5+ $2 (24.
Rxg6 $6 24... Qxg6 25. Nf4 Rxh1 26. Nxg6 26... Nf5 $1 $17) (24. Bg5 $6 24...
hxg5 25. Nxg5+ 25... Kh8 $8 26. Rxh5+ gxh5 27. Rh1 Kg7 28. Rxh5 28... Qg6 $17)
(24. Nf4 $5 24... Rxh1 25. Rxh1 Nf5 26. Rg1 $13 26... g5 27. Nh5) (24. Qg4 $5
24... Nf5 25. Nf4 Rxh1 26. Rxh1) 24... hxg5 25. Rxh5+ gxh5 26. Rxg5 Qf7 27.
Rxh5+ Kg8 28. Bg5 (28. Qg4+ Ng6 29. Rh6 29... Be8 $19) 28... Be8 29. Rh1 Nf5
30. Bf6 Qg6 31. Rh8+ Kf7 32. Qf3 32... Bc6 $19 33. Rh3 Rg8 (33... Rf8) (33...
b4 $5) 34. Qh1 Qg2 35. Rh7+ Kf8 36. Qh5 Qxf2+ (36... Qg6 37. Qh2 37... b4 $19)
37. Kc1 37... Qf4+ $4 (37... Qg1+ 38. Kb2 Qg6 39. Qh2 39... b4 $19) (37... Be8
$4 38. Qh6+ $1 38... Nxh6 39. Be7#) 38. Kb2 Be8 39. Qxf5 $1 {
Unpleasant surprise!} 39... Rg4 $2 (39... Qc1+ $1 $142 40. Kxc1 Rg1+ 41. Kd2
exf5 42. e6 Rg6 43. Rh8+ Rg8 44. Be7+ Kg7 45. Rxg8+ Kxg8 46. Ke3 f4+ 47. Kxf4
Bg6 48. Ke5 Be4 49. Bc5 Kg7 50. Kd6 $18) (39... Qxf5 40. Be7#) 40. Rh8+ (40.
Qxe6 $18) (40. Bg7+ Ke7 41. Qf8+ $1 41... Qxf8 $140 42. Bf6#) 40... Kf7 41.
Qh7+ 1-0

[Event "POL Supercup"]
[Site "Warsaw"]
[Date "2002.06.30"]
[Round "2"]
[White "Polgar, Judit"]
[Black "Schmidt, Wlodzimierz"]
[Result "1-0"]
[WhiteElo "2677"]
[BlackElo "2446"]
[Annotator "Psakhis,L"]
[PlyCount "57"]
[EventDate "2002.06.29"]
[Source "ChessBase"]
[SourceDate "2002.09.20"]

1. e4 e6 2. d4 d5 3. Nc3 Bb4 4. e5 c5 5. a3 Bxc3+ 6. bxc3 Ne7 7. Qg4 Qc7 8.
Qxg7 Rg8 9. Qxh7 cxd4 10. Ne2 Nbc6 11. f4 dxc3 12. Qd3 d4 (12... Bd7 {
is most popular move in this position}) 13. Rb1 (13. Nxd4 Nxd4 14. Qxd4 Bd7 15.
Rg1 Nf5 16. Qf2 Qc6 17. Bd3 Qd5 18. g3 Nd4 19. Rf1 19... Bc6 $13 {
0-1 Semina,S-Ludwig,K/BLw 0001 2000/ (59)}) 13... Bd7 14. Ng3 O-O-O 15. Be2
15... Nf5 16. Kf2 $5 $146 {New and interesting move} (16. Nxf5 {
After "normal" continuation} 16... exf5 17. Bf3 17... f6 $5 (17... Be6 18. a4
Qa5 19. Qb5 Qxb5 20. axb5 Na5 21. Ra1 b6 22. Kf2 $16 {
1-0 Zhuravlev,V-Kuzmichev,A/Rostov 1975 (39)}) 18. exf6 Rgf8 19. O-O 19... Rxf6
{Black is getting sufficient counterplay}) ({Just bad} 16. Ne4 $2 {
- after typical sacrifice} 16... Nxe5 $1 17. fxe5 Qxe5 18. g3 Bc6 19. Bf3 19...
Nh4 $1 20. gxh4 20... f5 $17 {advantage of Black is obvious}) 16... Nce7 (16...
Nxg3 17. hxg3 Rh8 18. Rh3 $1) ({Worth considering} 16... f6 $5 17. exf6 Rdf8
18. Ne4 18... Nd6 $13) 17. Ne4 Bc6 18. g4 $1 18... Nh4 ({After} 18... Nh6 19.
Rg1 {Black will have troubles with a knight}) 19. Rd1 (19. Nd6+ 19... Rxd6 $1
20. exd6 20... Qxd6 $44) 19... Kb8 ({It looks that} 19... Bxe4 20. Qxe4 Nc6 21.
a4 21... Ng6 {leads to nice position for Black}) 20. Rb4 Bxe4 21. Qxe4 Nc6 22.
Rb1 Ka8 ({Again} 22... Ng6 {was not a bad idea, for example} 23. Ba6 b6 24. Be2
Rh8 25. Bf3 25... Nge7 $13) 23. a4 a6 (23... Ng6 $1) 24. Ba3 24... Rd5 $4 {
It was a last chance to play} (24... Ng6 $5 $142 {with the idea to organize
couterplay on the h line and i am not sure, that White can get any advantage,
for example} 25. Bc5 (25. Rb3 Rh8 26. Kg1 26... f5 $1 $132) 25... Rd5 26. Bd6
Rxd6 27. exd6 Qxd6 28. Rb6 $140 28... Nxf4 29. Bxa6 29... Nd5 $1 30. Bxb7+
30... Ka7 $17) 25. Qh7 $1 $18 {Now game is over, Judit doesn't lose her chance
to win key pawn and , soon , game.} 25... Qd8 $8 26. Qxf7 Rd7 27. Qf6 Qa5 28.
Qxe6 Rgg7 29. Bd3 1-0

[Event "Selfoss Milk Masters 1st"]
[Site "Selfoss"]
[Date "2002.10.08"]
[Round "1"]
[White "Hracek, Zbynek"]
[Black "Kristjansson, Stefan"]
[Result "0-1"]
[WhiteElo "2607"]
[BlackElo "2431"]
[Annotator "Psakhis,L"]
[PlyCount "52"]
[EventDate "2002.10.08"]
[Source "ChessBase"]
[SourceDate "2003.02.06"]

1. e4 e6 2. d4 d5 3. Nc3 Bb4 4. e5 Ne7 5. a3 Bxc3+ 6. bxc3 c5 7. Qg4 Kf8 8. Bd2
$5 {This move became quite popular just in the last 2-3 years. Before white
tried other moves like} (8. h4 $5) (8. a4 {or}) (8. Nf3) 8... b6 9. Nh3 $5 (9.
dxc5 bxc5 10. Nf3 c4 11. Nd4 Nbc6 12. Nxc6 Nxc6 13. Qg3 Qb6 14. Bc1 Bd7 15. a4
h6 16. Be2 Kg8 17. Bh5 Qc7 18. f4 18... Ne7 {
-  Stefansson,H-Ivanchuk,V/EU t-ch m Leon 2001/CBM 86/[Psakhis] (25)}) ({
Worth considering} 9. h4 {with possible continuation} 9... Ba6 10. Bxa6 (10. h5
h6 11. Ne2 Nbc6 12. Rh3 cxd4 13. cxd4 Nf5 14. Bc3 Qg5 15. Qxg5 15... hxg5 $17 {
0-1 Karjakin,S-Efimenko,Z/Kramatorsk Governor's Cup-2 2001/ (43)}) 10... Nxa6
11. h5 h6 12. Ne2 Rc8 13. Qf3 cxd4 14. cxd4 Qe8 15. Rh4 Rxc2 16. Nc3 Qc8 17.
Qd3 Rb2 18. Nd1 Rxd2 19. Kxd2 $16 {
1-0 Chandler,M-Pert,N/London Chapman m 2000/The Week in Chess 306 (39)}) 9...
Ba6 10. Bxa6 (10. Bd3 h6 11. Nf4 Bxd3 12. cxd3 Nbc6 13. Nh5 Nf5 14. Ng3 Qh4 15.
Qf3 Nfe7 16. dxc5 bxc5 17. Qe2 Ng6 18. O-O Ngxe5 19. f4 Nd7 20. f5 20... e5 {
0-1 Zufic,M-Filipovic,M/CRO t-ch jr 1st league Pula 2002 (53)}) 10... Nxa6 11.
O-O $146 (11. Qe2 Nb8 12. O-O Nbc6 13. Be3 cxd4 14. cxd4 Na5 15. Nf4 Rc8 16.
Nh5 Qc7 17. Bd2 Nc4 18. Be1 g6 19. Nf6 19... Ng8 {
Wernert,W-Nothnagel,M/BL2-Ost 0102 2002/CBM 88 ext/1-0 (59)}) 11... Rc8 12. Nf4
$6 {I think, that White keeps better chances and after this move, but} (12. Bg5
{was even stronger, for example} 12... h6 (12... cxd4 13. cxd4 Rxc2 14. f4 $5)
13. Bxe7+ Qxe7 14. c4 $5 $36) 12... cxd4 ({In the case of} 12... Nf5 {
White could play} 13. c4 $5 13... dxc4 $140 14. d5 $1 {
with complicated and interesting game.}) 13. cxd4 Nf5 (13... Rxc2 14. Be3 $44 (
14. Bb4 $5)) 14. c3 Rc4 15. Qf3 ({Worth considering} 15. a4 $5 {
with very pleasant position for white.}) 15... h5 $5 16. h3 (16. a4 $5) 16...
g6 17. g4 hxg4 18. hxg4 18... Qh4 $1 19. Qg2 ({White could try} 19. Rfb1 {
with possible line} 19... Qh2+ (19... g5 20. Nxe6+ fxe6 21. gxf5 g4 22. Qg2)
20. Kf1 Qh1+ 21. Qxh1 Rxh1+ 22. Ke2 Rxb1 23. Rxb1 Ne7 24. Nd3 $14 {
and chances for small advantage.}) 19... Nc5 $3 {I'm almost sure that White
missed in his calculations this brilliant move, which , maybe, doesn't change
the evaluation of the position as preferable for white, but completely changes
the character of the game.} (19... Ne7 20. Nd3 Nc7 21. a4 $36) 20. dxc5 (20.
gxf5 $143 20... gxf5 21. dxc5 (21. Nxd5 exd5 22. Bg5 22... Qh7 $17) 21... Rxf4
$1 22. Bxf4 Qxf4 23. cxb6 23... axb6 $17) 20... g5 $1 21. cxb6 axb6 22. Qh3 $4
{Terrible move! Hracek missed a very good oportunity to keep the balance (at
least!) on the board.} (22. Nxe6+ $1 $142 22... fxe6 23. f3 Ne7 (23... Ng3 24.
Rfe1) 24. Rab1 $14) 22... Qxh3 23. Nxh3 Rxg4+ 24. Kh2 24... Nh4 $1 25. f3 Rg2+
26. Kh1 26... Rxd2 (26... Rxd2 27. Rf2 Rxf2 28. Nxf2 Nxf3+ 29. Kg2 29... Nxe5
$19) 0-1